Statistics for UEFA Club Premier Divisions

Click here to take the quiz!

General Stats

  • This quiz has been taken 410 times
    (273 since last reset)
  • The average score is 44 of 57

Answer Stats

LeagueCountry% Correct
Premier LeagueEngland
98%
BundesligaGermany
97%
La LigaSpain
96%
Ligue 1France
95%
Serie AItaly
94%
Primeira LigaPortugal
93%
EredivisieNetherlands
93%
AllsvenskanSweden
93%
PremiershipScotland
92%
Premier DivisionRepublic of Ireland
91%
BundesligaAustria
91%
TippeligaenNorway
91%
Premier LeagueWales
90%
Süper LigTurkey
89%
Pro LeagueBelgium
89%
EkstraklasaPoland
88%
Premier LeagueRussia
88%
Super LeagueSwitzerland
85%
VeikkausliigaFinland
85%
Super LigaSlovakia
84%
SuperLigaSerbia
84%
SuperligaDenmark
84%
PrvaLigaSlovenia
84%
Liga IRomania
83%
Campionato di CalcioSan Marino
82%
SuperleagueGreece
82%
Prva HNLCroatia
82%
PremiershipNorthern Ireland
82%
Premier LeagueUkraine
82%
Gambrinus LigaCzech Republic
81%
Higher LeagueLatvia
81%
ÚrvalsdeildIceland
81%
A LygaLithuania
81%
Premier LeagueBelarus
80%
Nemzeti Bajnokság IHungary
79%
A Professional Football GroupBulgaria
79%
MeistriliigaEstonia
79%
Primera DivisióAndorra
78%
National DivisionLuxembourg
77%
Premier LeagueMalta
77%
First Football LeagueMacedonia
76%
First LeagueMontenegro
75%
Premier LeagueBosnia and Herzegovina
74%
First DivisionCyprus
71%
National DivisionMoldova
71%
Premier LeagueGeorgia
70%
Premier LeagueArmenia
68%
Premier LeagueAzerbaijan
64%
Premier LeagueIsrael
62%
SuperligaAlbania
51%
Premier LeagueKazakhstan
49%
Premier DivisionGibraltar
47%
Premier LeagueFaroe Islands
46%
First LeagueYugoslavia
31%
Top LeagueSoviet Union
31%
First LeagueCzechoslovakia
30%
OberligaEast Germany
24%

Score Distribution

Percentile by Number Answered

Percent of People with Each Score

Your Score History

You have not taken this quiz since the last reset